000 00739nam a22002417a 4500
999 _c332231
_d332231
001 46136
003 UA-OsUOA
005 20230504161241.0
007 ta
008 20070605b un ||||| |||| 00| 0 ukr d
020 _a9789663640
040 _aUA-OsUOA
_bukr
_cUA-OsUOA
_dUA-OsUOA
041 _aukr
080 _a008(075.8)
090 _a008(075.8)
_bК90
245 _aКультурологія
_cза ред Гриценко Т. Б.
260 _aК.
_bЦентр навчальної літератури
_c2007
300 _a392 с.
650 7 _a008 Цивілізація. Культура. Прогрес
_2UDC
942 _cBK
_2udc
955 _a2